|
|
|
|
| LEADER |
00000nas a22000001a 4500 |
| 001 |
vtls010302451 |
| 003 |
SK-MaSNL |
| 005 |
20260228162840.0 |
| 008 |
110810d19411949xo wr p r 0 b0slo |
| 015 |
|
|
|a SNBDS17XX9999
|
| 015 |
|
|
|a 0670
|2 Fedor 1939-44
|
| 015 |
|
|
|a 1741
|2 Balúnová 1945-60
|
| 038 |
|
|
|a SNKBUDS
|
| 040 |
|
|
|a SNK
|b slo
|c SNK
|e AACR2
|
| 041 |
0 |
|
|a slo
|a ger
|
| 044 |
|
|
|a xo
|c SK
|
| 080 |
|
|
|a 070.481
|2 2001
|
| 080 |
|
|
|a 338.542
|2 2001
|
| 080 |
|
|
|a 351.824.5
|2 2001
|
| 245 |
0 |
0 |
|a Úradný kurzový list Bratislavskej burzy
|b odbor tovarový
|
| 246 |
1 |
1 |
|a Amtliches Kursblatt der Bratislavaer Börse - Warenabteilung
|
| 260 |
|
|
|a Bratislava
|b Cenová komisia Bratislavskej burzy, odbor tovarový
|c 1941-1949
|
| 300 |
|
|
|a 9 roč.
|c 53 x 40 cm
|
| 310 |
|
|
|a 1x týždenne
|
| 362 |
0 |
|
|a Roč. XX, č. 1 (1941)-roč. XXVIII, č. 46 (19.12.1949)
|
| 500 |
|
|
|a Vych. v Bratislave v pondelok; (od zač. XXIII. roč.) v utorok vo formáte 53 x 40 cm; od 13/XXIV 1945 týždenne vo mformáte 52 x 40 cm
|
| 500 |
|
|
|a Vyd. Cenová komisia Bratislavskej burzy, odbor tovarový
|
| 500 |
|
|
|a Tlač. neuvedená
|
| 500 |
|
|
|a Posl. číslo z 19. dec. 1949
|
| 505 |
8 |
0 |
|g Roč. XX. 1941 51 čís. po 1 s.
|
| 505 |
8 |
0 |
|g Roč. XXI. 1942 52 čís. po 1 s.
|
| 505 |
8 |
0 |
|g Roč. XXII. 1943 48 čís. po 1 s.
|
| 505 |
8 |
0 |
|g Roč. (XXIII. 1944)
|
| 505 |
8 |
0 |
|g Roč. XXIV. 1945 25 čís. po 1 s.
|
| 505 |
8 |
0 |
|g Roč. XXV. 1946 47 č. po 1 s.
|
| 505 |
8 |
0 |
|g Roč. XXVI. 1947
|
| 505 |
8 |
0 |
|g Roč. XXVII. 1948 48 č. po 1 s.
|
| 505 |
8 |
0 |
|g Roč. XXVIII. 1949 46 č. po 1 s.
|
| 546 |
|
|
|a Paralelný text aj v nemčine
|
| 650 |
0 |
7 |
|a burza
|2 SNKPH
|9 269361
|
| 650 |
0 |
7 |
|a obchod
|x ceny
|2 SNKPH
|9 272298
|
| 655 |
|
7 |
|a administratívne časopisy
|2 SNKBUDS
|9 268980
|
| 710 |
2 |
|
|a Cenová komisia Bratislavskej burzy (Bratislava)
|b odbor tovarový
|e vydav.
|9 272300
|
| 852 |
|
|
|a SNK
|b 10000
|h ČSA 374
|
| 852 |
|
|
|a UKB
|b 300000
|h 20 AA 11
|
| 852 |
|
|
|a UKB
|b 300000
|h SAA 74
|
| 852 |
|
|
|a SVKKK
|b 900000
|h F 270
|
| 999 |
|
|
|c 8437
|d 10367
|